01345nam a2200301 i 4500001000700000003000900007005001700016007000300033008004100036080002200077080002200099245020300121260006700324300004400391651005600435651006000491651005500551700004300606700004200649700002500691700003200716700002900748700002800777710004000805852005700845999001900902952012200921105487ES-MaACL20240118221948.0t|060719s1963 fr a |||| | spa d a338(46)"1961/..." a308(46)"1961/..."00aEspaña hoy / cpresentación y montaje de Ignacio Fernández de Castro, José Martínez ; con la colaboración de Jordi Blanc, Héctor Cattolica, Antonio Pérez ; cubierta de Antonio Saura. a[Paris] : bRuedo Ibérico, c[1963] (eTorino : fTip. Toso) aVIII, 499 p., lám. : bil. ; c22 cm. 4aEspaña-xHistoria-y1939-1975, Dictadura.9167928 4aEspaña-xSituación económica-y1955-1975.9171815 4aEspaña-xSituación social-y1955-1975.91724361 aFernández de Castro, Ignacio.9496391 aMartínez, José,d1921-19869777611 aBlanc, Jordi.9291101 aCattolica, Héctor.9370881 aPérez, Antonio.9905561 aSaura, Antonio.91039942 aÉditions Ruedo ibérico.9145333 aES-MaACL jAND-282 z- Biblioteca Juan Andrade c105487d105487 00104070aATENEOMbATENEOMcDEPO2d2008-01-17eSCl0oAND-282p1110134r2023-02-23 00:00:00w2023-02-23yMONOGRAFIA